Artistic research methodology narrative, power and the public

Saved in:
Bibliographic Details
Main Authors Hannula, Mika, 1967- (Author), Suoranta, Juha (Author), Vadén, Tere (Author)
Format Book
LanguageEnglish
Published New York : Peter Lang, 2014
SeriesCritical qualitative research
Subjects
ISBN978-1-4331-2666-6
Physical Descriptionxiii, 173 stran ; 25 cm

Cover

LEADER 00000cam a2200000 i 4500
001 103316
003 CZ-ZlUTB
005 20210716111331.0
007 ta
008 170104s2014 xxu e 000 0 eng d
952 |0 0  |1 0  |4 0  |6 701HANNULAM  |7 0  |8 BOOK  |9 163333  |a UTBZL  |b UTBZL  |c 012  |d 2021-06-24  |l 1  |m 2  |o 7.01/HANNULA,M.  |p 420010187488  |q 2028-12-31  |r 2021-10-07 00:00:00  |s 2021-10-07  |v 792.00  |w 2021-06-24  |x N: nákup;  |y 08 
999 |c 103316  |d 103316 
020 |a 978-1-4331-2666-6  |q (brožováno) 
040 |a ABD020  |b cze  |d ZLD002  |e rda 
072 7 |a 7.01/.09  |x Umění  |2 Konspekt  |9 21 
080 |a 001:72/76  |2 MRF 
080 |a 165  |2 MRF 
080 |a 37.091.3  |2 MRF 
080 |a 111.852  |2 MRF 
080 |a 101  |2 MRF 
080 |a 7.01/.09  |2 MRF 
080 |a (082)  |2 MRF 
100 1 |a Hannula, Mika,  |d 1967-  |4 aut 
245 1 0 |a Artistic research methodology  |b narrative, power and the public /  |c Mika Hannula, Juha Suoranta, Tere Vadén 
264 1 |a New York :  |b Peter Lang,  |c 2014 
300 |a xiii, 173 stran ;  |c 25 cm 
336 |a text  |b txt  |2 rdacontent 
337 |a bez média  |b n  |2 rdamedia 
338 |a svazek  |b nc  |2 rdacarrier 
490 1 |a Critical qualitative research ;  |v Vol. 15 
546 |a Jazykové verze: anglicky 
650 0 7 |a věda a umění  |7 ph126926  |2 czenas 
650 0 7 |a teorie poznání  |7 ph116428  |2 czenas 
650 0 7 |a studium a výuka  |7 ph136700  |2 czenas 
650 0 7 |a estetika  |7 ph117189  |2 czenas 
650 0 7 |a filozofie  |7 ph114540  |2 czenas 
650 0 7 |a teorie umění  |7 ph126574  |2 czenas 
650 0 9 |a science and art  |2 eczenas 
650 0 9 |a theory of knowledge  |2 eczenas 
650 0 9 |a study and teaching  |2 eczenas 
650 0 9 |a aesthetics  |2 eczenas 
650 0 9 |a philosophy  |2 eczenas 
650 0 9 |a theory of art  |2 eczenas 
655 7 |a sborníky  |7 fd163935  |2 czenas 
655 9 |a papers of several authors  |2 eczenas 
700 1 |a Suoranta, Juha  |4 aut 
700 1 |a Vadén, Tere  |4 aut 
830 0 |a Critical qualitative research 
910 |a ZLD002 
942 |2 udc 
992 |a BK  |b SK